LEADER 01054nam0-22003251i-450- 001 990007849690403321 005 20070503115819.0 035 $a000784969 035 $aFED01000784969 035 $a(Aleph)000784969FED01 035 $a000784969 100 $a20040114d1971----km-y0itay50------ba 101 0 $aita 102 $aIT 105 $ay----n--001yy 200 1 $aIntorno alle proposizioni fisheriane sul concetto di reddito$eil teorema della doppia tassazione del risparmio come una questione di definizione del reddito 210 $aMilano$cGiuffrè$d1971 215 $a122 p.$d24 cm 300 $aIn testa al front.: Università degli studi di Roma, Facoltà di scienze politiche 676 $a343.04$v11$zita 700 1$aLuciani,$bNino$0112733 801 0$aIT$bUNINA$gRICA$2UNIMARC 901 $aBK 912 $a990007849690403321 952 $aH 698$b1016$fDSS 952 $aH2.512$b6129$fDECTS 959 $aDSS 959 $aDECTS 996 $aIntorno alle proposizioni fisheriane sul concetto di reddito$9671387 997 $aUNINA LEADER 00889nam0-22003251i-450- 001 990006783180403321 005 20001010 035 $a000678318 035 $aFED01000678318 035 $a(Aleph)000678318FED01 035 $a000678318 100 $a20001010d--------km-y0itay50------ba 101 0 $aita 105 $ay-------001yy 200 1 $a<>grandi iniziati del nostro tempo$fPaola Giovetti 210 $aMilano$cRizzoli$d1993. 215 $a266 p. ill. 21 cm 610 0 $aSpiritisti - Sec. 18-20 610 0 $aReligiosi - Sec. 18-20 610 0 $aFilosofi - Sec. 18-20 676 $a133.9 700 1$aGiovetti,$bPaola$0158865 801 0$aIT$bUNINA$gRICA$2UNIMARC 901 $aBK 912 $a990006783180403321 952 $aXXXI VARIE 151$b20985$fFSPBC 959 $aFSPBC 996 $aGrandi iniziati del nostro tempo$9634928 997 $aUNINA DB $aGEN01